England in 1815
Saved in:
| Main Author: | |
|---|---|
| Format: | Book |
| Language: | Undetermined |
| Published: |
New York
Peter Smith
1949
|
| Subjects: | |
| Tags: |
Add Tag
No Tags, Be the first to tag this record!
|
| Institutions: | Trung tâm Học liệu Trường Đại học Cần Thơ |
|---|
| LEADER | 00536nam a2200217Ia 4500 | ||
|---|---|---|---|
| 001 | CTU_83955 | ||
| 008 | 210402s9999 xx 000 0 und d | ||
| 082 | |a 914.2 | ||
| 082 | |b H168 | ||
| 100 | |a Halevy, Elie | ||
| 245 | 0 | |a England in 1815 | |
| 245 | 0 | |c Elie Halevy | |
| 260 | |a New York | ||
| 260 | |b Peter Smith | ||
| 260 | |c 1949 | ||
| 650 | |a England | ||
| 650 | |x Social life and customs | ||
| 650 | |y 19th century | ||
| 904 | |i QHie (sửa) | ||
| 910 | |i Tuyen | ||
| 980 | |a Trung tâm Học liệu Trường Đại học Cần Thơ | ||